| 000 | 01260nam0a2200337 i 4500 | ||
|---|---|---|---|
| 001 | RU\NLR\BIBL_A\010861854 | ||
| 005 | 20260406050100.0 | ||
| 010 |
_a9785433502475 _95000 |
||
| 021 |
_aRU _b2015-70881 _94242 |
||
| 035 | _a(NILC)RuMoRGB-008022619 | ||
| 035 | _a(NLR Aleph) 010861854 | ||
| 090 |
_a10424706 _c10424706 |
||
| 100 | _a20151015d2015 bm y0rusy50 ca | ||
| 101 | 0 | _arus | |
| 102 | _aRU | ||
| 105 | _aa|||z|||000ay | ||
| 200 | 1 |
_aСтанция Самоварово _e[рассказы _eдля чтения взрослыми детям] _fАлександр Барков _gхудож. А. Брей |
|
| 210 |
_aМосква _cНигма _d2015 |
||
| 215 |
_a28, [4] с. _cцв. ил. _d28 |
||
| 333 | _a0+ | ||
| 675 | _a821.161.1-93 | ||
| 686 | 0 | _aШ9(2)60=Р7-4 | |
| 700 | 1 |
_7ca _8rus _aБарков _bА. С. _cдетский писатель _f1935- _gАлександр Сергеевич _9115588 _3RU\NLR\AUTH\775625 |
|
| 702 | 1 |
_4440 _aБрей _bА. А. _cхудожник _f1902-1979 _gАндрей Андреевич _9145214 _3RU\NLR\AUTH\770145250 |
|
| 801 | 0 |
_aRU _bРГБ _c20150916 _gRCR |
|
| 801 | 1 |
_aRU _bРГБ _c20150916 _2rusmarc |
|
| 942 | _cBOOK | ||
| 980 | _aNBR | ||